000 00347 a2200145 4500
001 152982
040 _cEscola São Tomás de Aquino
100 _aFERRETI, Eve
240 1 0 _aMoscas e outras memórias
_lpor
245 1 0 _aMoscas e outras memórias
362 0 _a2016
440 1 _aAletria
697 _a*LITERATURA INFANTO JUVENIL
942 _cBK
999 _c152982
_d152982